[Event "Scottish op"]
[Site "Dunfermline"]
[Date "2025.07.13"]
[Round "9"]
[White "Carroll, Peter"]
[Black "Sykes, Chris"]
[Result "1-0"]
[WhiteElo "2169"]
[BlackElo "1917"]
[PlyCount "55"]
[EventDate "2025.07.07"]
[EventType "swiss"]
[EventRounds "9"]
[EventCountry "SCO"]
[SourceTitle "CB29_2025"]
[SourceDate "2025.07.16"]
[SourceVersion "1"]
[SourceVersionDate "2025.07.16"]
[SourceQuality "1"]

1. e4 c6 2. d4 d5 3. e5 c5 4. Nf3 Nc6 5. dxc5 Bg4 6. c3 e6 7. Be3 a6 8. Nbd2 Nxe5 9. Be2 Nc6 10. 0-0 g6 11. Qa4 Bxf3 12. Bxf3 Bg7 13. c4 d4 14. Bxc6+ bxc6 15. Qxc6+ Kf8 16. Bg5 f6 17. Bh4 g5 18. Bg3 e5 19. Ne4 Ne7 20. Qe6 Qc8 21. Qd6 Kf7 22. f4 gxf4 23. Bxf4 Rd8 24. Bxe5 Rxd6 25. Nxd6+ Kg6 26. Nxc8 Rxc8 27. Bxd4 Nc6 28. Bc3 1-0

[Event "Scottish op"]
[Site "Dunfermline"]
[Date "2025.07.07"]
[Round "1"]
[White "McNaught, Jordan J"]
[Black "Carroll, Peter"]
[Result "0-1"]
[WhiteElo "1825"]
[BlackElo "2169"]
[PlyCount "72"]
[EventDate "2025.07.07"]
[EventType "swiss"]
[EventRounds "9"]
[EventCountry "SCO"]
[SourceTitle "CB29_2025"]
[SourceDate "2025.07.16"]
[SourceVersion "1"]
[SourceVersionDate "2025.07.16"]
[SourceQuality "1"]

1. d4 Nf6 2. Nf3 d5 3. c4 e6 4. cxd5 exd5 5. Nc3 c6 6. Bg5 h6 7. Bh4 Bf5 8. e3 Nbd7 9. Bd3 Bxd3 10. Qxd3 Bd6 11. 0-0 0-0 12. Rab1 a5 13. Qc2 Re8 14. Rfc1 Qb8 15. Bxf6 Nxf6 16. g3 Qc8 17. Kg2 Ne4 18. Nxe4 dxe4 19. Nd2 Qf5 20. Qb3 Rab8 21. Qb6 h5 22. h4 Re6 23. a3 Rf6 24. Rf1 Qg4 25. Qxa5 Rg6 26. Rg1 Bxg3 27. Kf1 Rf6 28. Rxg3 Qxg3 29. Nxe4 Qh3+ 30. Ke2 Qg4+ 31. Kd3 Re6 32. Ng5 Re7 33. Qc5 Rbe8 34. Re1 g6 35. e4 f6 36. Qc4+ Kg7 0-1

[Event "Dublin Easter op"]
[Site "Dublin"]
[Date "2025.04.21"]
[Round "6"]
[White "Carroll, Peter"]
[Black "Shriman, K."]
[Result "1-0"]
[WhiteElo "2152"]
[BlackElo "1915"]
[PlyCount "59"]
[EventDate "2025.04.18"]
[EventType "swiss"]
[EventRounds "7"]
[EventCountry "IRL"]
[SourceTitle "CB17_2025"]
[SourceDate "2025.04.23"]
[SourceVersion "1"]
[SourceVersionDate "2025.04.23"]
[SourceQuality "1"]

1. e4 e6 2. d4 d5 3. Nc3 Nf6 4. e5 Nfd7 5. f4 c5 6. Nf3 Nc6 7. Be3 cxd4 8. Nxd4 Qb6 9. Qd2 Qxb2 10. Rb1 Qa3 11. Bb5 Nxd4 12. Bxd4 a6 13. Bxd7+ Bxd7 14. Rb3 Qe7 15. Rxb7 Qd8 16. 0-0 Rc8 17. Qe3 Qa5 18. Rfb1 Bc5 19. Nb5 axb5 20. Bxc5 Qxa2 21. Rc1 Qb2 22. Ba3 d4 23. Qg3 Qc3 24. Qxg7 Qxa3 25. Qxh8+ Ke7 26. Qf6+ Ke8 27. Rd1 Qe3+ 28. Kh1 Rxc2 29. Qh8+ Ke7 30. Rb8 1-0

[Event "Dublin Easter op"]
[Site "Dublin"]
[Date "2025.04.21"]
[Round "7"]
[White "Landmark, Gabriel"]
[Black "Carroll, Peter"]
[Result "0-1"]
[WhiteElo "1927"]
[BlackElo "2152"]
[PlyCount "74"]
[EventDate "2025.04.18"]
[EventType "swiss"]
[EventRounds "7"]
[EventCountry "IRL"]
[SourceTitle "CB17_2025"]
[SourceDate "2025.04.23"]
[SourceVersion "1"]
[SourceVersionDate "2025.04.23"]
[SourceQuality "1"]

1. e4 c5 2. Nf3 d6 3. d4 cxd4 4. Nxd4 Nf6 5. Nc3 a6 6. Be3 e5 7. Nb3 Be6 8. f3 Be7 9. Qd2 0-0 10. 0-0-0 a5 11. Kb1 a4 12. Nc1 Nbd7 13. g4 Qa5 14. g5 Ne8 15. Nb5 Nc5 16. Qxa5 Rxa5 17. Bd2 Ra8 18. h4 Bd7 19. Bb4 Bxb5 20. Bxb5 Nc7 21. Bc4 b5 22. Bd5 Nxd5 23. Rxd5 Rac8 24. Rhd1 f5 25. Bxc5 Rxc5 26. Rxc5 dxc5 27. Rd7 fxe4 28. fxe4 Kf7 29. Rd1 Ke6 30. Ne2 b4 31. Ng3 Rf4 32. Re1 g6 33. Rh1 Rg4 34. Rh3 c4 35. Kc1 Bc5 36. Kd2 Bf2 37. Nh1 Bxh4 0-1

[Event "Dublin Easter op"]
[Site "Dublin"]
[Date "2025.04.19"]
[Round "3"]
[White "Mohammad, Mahbub Parouare"]
[Black "Carroll, Peter"]
[Result "0-1"]
[WhiteElo "1922"]
[BlackElo "2152"]
[PlyCount "70"]
[EventDate "2025.04.18"]
[EventType "swiss"]
[EventRounds "7"]
[EventCountry "IRL"]
[SourceTitle "CB17_2025"]
[SourceDate "2025.04.23"]
[SourceVersion "1"]
[SourceVersionDate "2025.04.23"]
[SourceQuality "1"]

1. d4 Nf6 2. Bf4 d5 3. Nc3 a6 4. e3 b5 5. h3 e6 6. Nf3 Bb4 7. Bd3 Nbd7 8. 0-0 0-0 9. Nb1 Bd6 10. Ne5 Bb7 11. Nd2 Qe7 12. Ndf3 c5 13. c3 Ne4 14. Nxd7 Qxd7 15. Bxe4 dxe4 16. dxc5 exf3 17. gxf3 e5 18. Qxd6 Qxd6 19. cxd6 exf4 20. e4 Rfd8 21. Rfd1 f6 22. Rd4 Kf7 23. Rad1 Rac8 24. a4 bxa4 25. Rxa4 Rc6 26. Rb4 Bc8 27. Rbd4 Ke6 28. c4 Rcxd6 29. Rd5 Bb7 30. b4 Bxd5 31. exd5+ Ke5 32. Re1+ Kd4 33. Re4+ Kc3 34. Rxf4 Kxb4 35. Kf1 Rc8 0-1

[Event "Titled Tuesday intern op 25th Feb Early"]
[Site "Chess.com INT"]
[Date "2025.02.25"]
[Round "2"]
[White "Carroll, Peter"]
[Black "Ristic, Nebojsa M"]
[Result "0-1"]
[WhiteElo "2176"]
[BlackElo "2248"]
[PlyCount "142"]
[EventDate "2025.02.25"]
[EventType "swiss (blitz)"]
[EventRounds "11"]
[EventCountry "USA"]
[SourceTitle "CB10_2025"]
[SourceDate "2025.03.05"]
[SourceVersion "1"]
[SourceVersionDate "2025.03.05"]
[SourceQuality "1"]

1. d4 Nf6 2. Nc3 g6 3. e4 d6 4. f4 Bg7 5. Nf3 0-0 6. Bd3 Nc6 7. e5 dxe5 8. fxe5 Nd5 9. Nxd5 Qxd5 10. c3 Bg4 11. h3 Bxf3 12. Qxf3 Qa5 13. 0-0 Rad8 14. Be4 Qb6 15. Bxc6 bxc6 16. Bg5 f6 17. exf6 exf6 18. Bf4 c5 19. dxc5 Qxc5+ 20. Be3 Qb5 21. Qf2 a5 22. Rad1 a4 23. Bc5 Rxd1 24. Rxd1 Re8 25. Rd2 Qc4 26. a3 Bh6 27. Rd7 Bf4 28. Bd4 g5 29. g3 Qe6 30. gxf4 Qxd7 31. fxg5 Qe6 32. gxf6 Qe1+ 33. Qxe1 Rxe1+ 34. Kf2 Rb1 35. c4 Rd1 36. Bc3 Rd6 37. Kf3 Kf7 38. Ke4 Rd1 39. h4 Ke6 40. Bd4 Rh1 41. Bf2 Kxf6 42. Kd5 Ke7 43. Kc6 Kd8 44. Bg3 Rh3 45. Bxc7+ Kc8 46. Bd6 Rxh4 47. Kd5 Rh3 48. c5 Rb3 49. c6 Rxb2 50. Be5 Rb3 51. Bd6 h5 52. Ke6 h4 53. Be5 h3 54. Kd6 Rxa3 55. Bf6 Rf3 56. Be5 a3 57. Ke6 a2 58. Kd6 h2 59. Bxh2 a1Q 60. c7 Qf6+ 61. Kd5 Qf7+ 62. Kc5 Rf2 63. Bd6 Rc2+ 64. Kd4 Qd7 65. Ke5 Re2+ 66. Kd5 Rd2+ 67. Kc5 Rxd6 68. Kb4 Rc6 69. Ka5 Qxc7+ 70. Ka4 Rb6 71. Ka5 Qa7# 0-1

[Event "Basel Carnival op"]
[Site "Basel"]
[Date "2025.02.01"]
[Round "3"]
[White "Carroll, Peter"]
[Black "Steinacher, Janis"]
[Result "1-0"]
[WhiteElo "2176"]
[BlackElo "1920"]
[PlyCount "63"]
[EventDate "2025.01.31"]
[EventType "swiss"]
[EventRounds "5"]
[EventCountry "SUI"]
[SourceTitle "CB07_2025"]
[SourceDate "2025.02.12"]
[SourceVersion "1"]
[SourceVersionDate "2025.02.12"]
[SourceQuality "1"]

1. e4 d5 2. exd5 Qxd5 3. Nc3 Qa5 4. Nf3 Nf6 5. Rb1 c5 6. g3 g6 7. Bg2 Bg7 8. 0-0 0-0 9. d3 Nc6 10. Bd2 Qc7 11. Re1 e5 12. Qc1 Re8 13. Bg5 Be6 14. a3 Nd7 15. Nd2 Nd4 16. Nd5 Qb8 17. b4 Nb6 18. Nxb6 axb6 19. bxc5 b5 20. c3 Nc6 21. Rxb5 Qa7 22. Nb1 f6 23. Be3 Red8 24. Qb2 Rd7 25. d4 Na5 26. d5 Nc4 27. Qb4 Nxe3 28. dxe6 Nc2 29. Qb3 Nxe1 30. exd7+ Kf8 31. Rxb7 Qa5 32. d8Q+ 1-0

[Event "IRL-ch 103rd"]
[Site "Dublin"]
[Date "2024.08.05"]
[Round "3"]
[White "Carroll, Peter"]
[Black "O'Connell, Gerard"]
[Result "1-0"]
[WhiteElo "2162"]
[BlackElo "2009"]
[PlyCount "91"]
[EventDate "2024.08.03"]
[EventType "swiss"]
[EventRounds "9"]
[EventCountry "IRL"]
[SourceTitle "CBM 221 Extra"]
[Source "ChessBase"]
[SourceDate "2024.09.30"]
[SourceVersion "1"]
[SourceVersionDate "2024.09.30"]
[SourceQuality "1"]

1. e4 c5 2. Ne2 d6 3. g3 g6 4. Bg2 Bg7 5. c3 Nf6 6. d4 0-0 7. h3 e5 8. Be3 Qe7 9. d5 Nh5 10. g4 Nf4 11. Nxf4 exf4 12. Bxf4 f5 13. gxf5 gxf5 14. Qd3 Nd7 15. Qg3 Ne5 16. Bxe5 dxe5 17. Nd2 Kh8 18. 0-0-0 Bh6 19. Qd3 Bd7 20. Kb1 Rae8 21. Rhg1 b5 22. c4 Bxd2 23. Qxd2 Qh4 24. Bh1 fxe4 25. Qg5 Qxg5 26. Rxg5 Bf5 27. Kc1 bxc4 28. d6 Rd8 29. Rd5 Be6 30. Rdxe5 Rxd6 31. Bxe4 Bf7 32. Rgf5 Kg7 33. Rxc5 Re8 34. Rc7 Rf6 35. Rxf6 Kxf6 36. Bxh7 Re2 37. f3 Rh2 38. Be4 Rxh3 39. Kc2 a5 40. Rc5 Rh5 41. Rxh5 Bxh5 42. Kc3 Bf7 43. f4 Ke7 44. a3 Kd6 45. Kd4 Bg8 46. Bf3 1-0

[Event "IRL-ch 102nd"]
[Site "Dublin"]
[Date "2023.08.10"]
[Round "6"]
[White "Carroll, Peter"]
[Black "O'Cuilleanain, Oisin"]
[Result "1-0"]
[WhiteElo "2100"]
[BlackElo "2097"]
[PlyCount "95"]
[EventDate "2023.08.05"]
[EventType "swiss"]
[EventRounds "9"]
[EventCountry "IRL"]
[SourceTitle "CBM 215 Extra"]
[Source "ChessBase"]
[SourceDate "2023.09.30"]
[SourceVersion "1"]
[SourceVersionDate "2023.09.30"]
[SourceQuality "1"]

1. e4 e5 2. Nf3 Nc6 3. Nc3 Nf6 4. g3 Bc5 5. Bg2 d6 6. d3 a5 7. 0-0 0-0 8. h3 a4 9. Bg5 a3 10. b3 h6 11. Be3 Bb4 12. Bd2 Be6 13. Re1 Re8 14. Nb5 Ra5 15. c4 Ra8 16. d4 Bxd2 17. Qxd2 exd4 18. Nfxd4 Bd7 19. Nc2 Qc8 20. Kh2 Re5 21. f4 Rh5 22. f5 Ne5 23. Ne3 Bc6 24. Nc3 Qd8 25. Qe2 Rg5 26. h4 Nfg4+ 27. Nxg4 Rxg4 28. Bh3 h5 29. Bxg4 hxg4 30. Rf1 Qf6 31. Qe3 Re8 32. Rae1 Nf3+ 33. Rxf3 gxf3 34. Qxf3 g6 35. Rf1 gxf5 36. Nd5 Bxd5 37. cxd5 Re5 38. exf5 Kf8 39. Kg2 Qe7 40. f6 Re2+ 41. Rf2 Rxf2+ 42. Qxf2 Qe4+ 43. Qf3 Qc2+ 44. Kh3 Qb1 45. h5 b5 46. Kg4 Qb2 47. Qf5 Qe2+ 48. Kh3 1-0

[Event "IRL-ch 102nd"]
[Site "Dublin"]
[Date "2023.08.08"]
[Round "4"]
[White "Carroll, Peter"]
[Black "MacElligott, Gerard"]
[Result "1-0"]
[WhiteElo "2100"]
[BlackElo "1925"]
[PlyCount "35"]
[EventDate "2023.08.05"]
[EventType "swiss"]
[EventRounds "9"]
[EventCountry "IRL"]
[SourceTitle "CBM 215 Extra"]
[Source "ChessBase"]
[SourceDate "2023.09.30"]
[SourceVersion "1"]
[SourceVersionDate "2023.09.30"]
[SourceQuality "1"]

1. e4 c5 2. Nc3 e6 3. Nf3 Nc6 4. d4 cxd4 5. Nxd4 Nf6 6. Ndb5 Bb4 7. a3 Bxc3+ 8. Nxc3 d5 9. exd5 exd5 10. Bd3 0-0 11. 0-0 h6 12. Bf4 d4 13. Ne4 Nd5 14. Qf3 Be6 15. Bg3 Qb6 16. b4 Rad8 17. Nc5 Bc8 18. Na4 1-0

[Event "Enniscrone Sligo Spring op"]
[Site "Enniscrone"]
[Date "2023.02.04"]
[Round "3"]
[White "Kavanagh, James"]
[Black "Carroll, Peter"]
[Result "1/2-1/2"]
[WhiteElo "1718"]
[BlackElo "2111"]
[PlyCount "62"]
[EventDate "2023.02.03"]
[EventType "swiss"]
[EventRounds "5"]
[EventCountry "IRL"]
[SourceTitle "CBM 212 Extra"]
[Source "ChessBase"]
[SourceDate "2023.03.31"]
[SourceVersion "1"]
[SourceVersionDate "2023.03.31"]
[SourceQuality "1"]

1. e4 g6 2. d4 Bg7 3. Nf3 d6 4. c4 Nf6 5. Nc3 0-0 6. Be2 e5 7. d5 a5 8. 0-0 Na6 9. a3 Nc5 10. Qc2 Nfd7 11. Be3 f5 12. b4 axb4 13. axb4 Rxa1 14. Rxa1 Na6 15. Ng5 Nf6 16. b5 Nc5 17. Bxc5 dxc5 18. Ra8 Qd6 19. exf5 gxf5 20. g4 h6 21. Ne6 Bxe6 22. Rxf8+ Bxf8 23. dxe6 Qxe6 24. gxf5 Qd7 25. Ne4 Qxf5 26. Nxf6+ Qxf6 27. Qe4 b6 28. Bd3 Bg7 29. Qa8+ Kf7 30. Qc8 Qg5+ 31. Kf1 Qc1+ 1/2-1/2

[Event "Wch U20 59th"]
[Site "Cala Gonone"]
[Date "2022.10.21"]
[Round "10"]
[White "Wartiovaara, Oliver"]
[Black "Carroll, Peter"]
[Result "1-0"]
[WhiteElo "2297"]
[BlackElo "2115"]
[PlyCount "43"]
[EventDate "2022.10.12"]
[EventType "swiss"]
[EventRounds "11"]
[EventCountry "ITA"]
[SourceTitle "CBM 210 Extra"]
[Source "ChessBase"]
[SourceDate "2022.11.30"]
[SourceVersion "1"]
[SourceVersionDate "2022.11.30"]
[SourceQuality "1"]

1. e4 c5 2. Nf3 d6 3. Nc3 Nf6 4. e5 dxe5 5. Nxe5 Nbd7 6. d4 Nxe5 7. dxe5 Qxd1+ 8. Kxd1 Ng4 9. Bb5+ Bd7 10. e6 Bxb5 11. Nxb5 0-0-0+ 12. Ke2 a6 13. Nc3 b6 14. exf7 g6 15. a4 Bg7 16. Ne4 h6 17. a5 Kb7 18. axb6 Kxb6 19. Bd2 Rd4 20. f3 Nf6 21. Be3 Rd5 22. Nxc5 1-0

[Event "Wch U20 59th"]
[Site "Cala Gonone"]
[Date "2022.10.14"]
[Round "4"]
[White "Vivoli, Alessandro"]
[Black "Carroll, Peter"]
[Result "0-1"]
[WhiteElo "1555"]
[BlackElo "2115"]
[PlyCount "42"]
[EventDate "2022.10.12"]
[EventType "swiss"]
[EventRounds "11"]
[EventCountry "ITA"]
[SourceTitle "CBM 210 Extra"]
[Source "ChessBase"]
[SourceDate "2022.11.30"]
[SourceVersion "1"]
[SourceVersionDate "2022.11.30"]
[SourceQuality "1"]

1. e4 c5 2. Nf3 d6 3. d4 cxd4 4. Nxd4 Nf6 5. Nc3 a6 6. Be3 e6 7. f3 Nc6 8. Qd2 Be7 9. 0-0-0 0-0 10. g4 Nxd4 11. Bxd4 b5 12. g5 Nd7 13. h4 Qc7 14. Kb1 b4 15. Ne2 Ne5 16. Bg2 Nc4 17. Qe1 e5 18. Bf2 Be6 19. f4 Rfc8 20. Rc1 Na3+ 21. bxa3 Qc4 0-1

[Event "Wch U20 59th"]
[Site "Cala Gonone"]
[Date "2022.10.12"]
[Round "1"]
[White "Carroll, Peter"]
[Black "Petriashvili, Nikoloz"]
[Result "0-1"]
[WhiteElo "2115"]
[BlackElo "2428"]
[PlyCount "96"]
[EventDate "2022.10.12"]
[EventType "swiss"]
[EventRounds "11"]
[EventCountry "ITA"]
[SourceTitle "CBM 210 Extra"]
[Source "ChessBase"]
[SourceDate "2022.11.30"]
[SourceVersion "1"]
[SourceVersionDate "2022.11.30"]
[SourceQuality "1"]

1. d4 d5 2. Nc3 Nf6 3. Bf4 c5 4. e3 cxd4 5. exd4 a6 6. Nf3 Nc6 7. Ne5 e6 8. Nxc6 bxc6 9. Na4 Bd6 10. Bxd6 Qxd6 11. c3 0-0 12. Be2 a5 13. 0-0 Ba6 14. Nc5 Bxe2 15. Qxe2 Rfb8 16. Rfb1 Nd7 17. b4 axb4 18. cxb4 Nxc5 19. bxc5 Qf4 20. Qe3 Rxb1+ 21. Rxb1 g5 22. Rb2 Ra4 23. g3 Qxe3 24. fxe3 g4 25. h3 h5 26. hxg4 hxg4 27. Kf1 Kg7 28. Rb6 Rxa2 29. Rxc6 Rc2 30. Rc8 Kf6 31. Rg8 Kf5 32. Rg7 f6 33. Rf7 e5 34. Rd7 Ke4 35. Rd6 exd4 36. exd4 Kxd4 37. Rxf6 Ke3 38. c6 d4 39. Re6+ Kf3 40. Rf6+ Kxg3 41. Rd6 Kf3 42. Ke1 g3 43. Rxd4 Rxc6 44. Rd3+ Kg2 45. Rd8 Re6+ 46. Kd2 Kg1 47. Rd7 g2 48. Rd8 Rh6 0-1

[Event "IRL-ch 101st"]
[Site "Dublin"]
[Date "2022.07.08"]
[Round "7"]
[White "Carroll, Peter"]
[Black "O'Gorman, Tom"]
[Result "1/2-1/2"]
[WhiteElo "2116"]
[BlackElo "2401"]
[PlyCount "50"]
[EventDate "2022.07.02"]
[EventType "swiss"]
[EventRounds "9"]
[EventCountry "IRL"]
[SourceTitle "CBM 209 Extra"]
[Source "ChessBase"]
[SourceDate "2022.09.30"]
[SourceVersion "1"]
[SourceVersionDate "2022.09.30"]
[SourceQuality "1"]

1. e4 e5 2. Nf3 Nc6 3. Nc3 Nf6 4. d4 exd4 5. Nxd4 Bb4 6. Nxc6 bxc6 7. Bd3 d5 8. exd5 0-0 9. 0-0 cxd5 10. Bg5 c6 11. Qf3 h6 12. Bxf6 Qxf6 13. Qxf6 gxf6 14. Ne2 Re8 15. Nd4 Bd7 16. Bf5 Bxf5 17. Nxf5 Re2 18. Nd4 Rd2 19. Rad1 Rxd1 20. Rxd1 Rc8 21. c3 Bc5 22. Kf1 Kf8 23. Ke2 Ke7 24. Kf1 Kf8 25. Ke2 Ke7 1/2-1/2

[Event "IRL-ch 101st"]
[Site "Dublin"]
[Date "2022.07.02"]
[Round "1"]
[White "Carroll, Peter"]
[Black "Goss, Alex"]
[Result "1/2-1/2"]
[WhiteElo "2116"]
[BlackElo "1859"]
[PlyCount "93"]
[EventDate "2022.07.02"]
[EventType "swiss"]
[EventRounds "9"]
[EventCountry "IRL"]
[SourceTitle "CBM 209 Extra"]
[Source "ChessBase"]
[SourceDate "2022.09.30"]
[SourceVersion "1"]
[SourceVersionDate "2022.09.30"]
[SourceQuality "1"]

1. d4 d5 2. Nc3 Nf6 3. Bf4 c5 4. e4 e6 5. dxc5 Bxc5 6. exd5 Nxd5 7. Nxd5 exd5 8. Qe2+ Qe7 9. Qxe7+ Kxe7 10. Nf3 Nc6 11. Rd1 Rd8 12. Bd3 h6 13. 0-0 Bg4 14. Rde1+ Kf8 15. Ne5 Nxe5 16. Bxe5 Bd6 17. Bd4 b6 18. f3 Be6 19. f4 Bc5 20. Bxc5+ bxc5 21. f5 Bd7 22. f6 Re8 23. fxg7+ Kxg7 24. Kf2 Rxe1 25. Rxe1 Re8 26. Be2 Bf5 27. c3 a5 28. Rd1 Be6 29. Bf3 Rd8 30. Rd2 Kf6 31. b3 Kg5 32. Rd3 f5 33. Re3 Rd6 34. g3 Kf6 35. Rd3 Ke5 36. Re3+ Kf6 37. Re1 Rb6 38. Ke3 Ke5 39. Kd3+ Kf6 40. Kc2 Rb8 41. Bd1 Rb6 42. Rf1 Ke5 43. Rf4 d4 44. cxd4+ cxd4 45. Kd3 Rd6 46. Bf3 a4 47. Bd1 1/2-1/2

[Event "BCF-chT 2122 (4NCL)"]
[Site "England"]
[Date "2022.03.27"]
[Round "6.96"]
[White "Carroll, Peter"]
[Black "Milson, Samuel"]
[Result "1/2-1/2"]
[WhiteElo "2122"]
[BlackElo "2063"]
[PlyCount "84"]
[EventDate "2021.11.27"]
[EventType "team-swiss"]
[EventRounds "11"]
[EventCountry "ENG"]
[SourceTitle "EXT 2023"]
[Source "ChessBase"]
[SourceDate "2022.10.05"]
[SourceVersion "1"]
[SourceVersionDate "2022.10.05"]
[SourceQuality "1"]
[WhiteTeam "Gonzaga"]
[BlackTeam "The Sharks II"]
[WhiteTeamCountry "ENG"]
[BlackTeamCountry "ENG"]

1. e4 e6 2. d4 d5 3. Nc3 dxe4 4. Nxe4 Nd7 5. Nf3 Ngf6 6. Bd3 Be7 7. 0-0 0-0 8. c3 c5 9. Re1 cxd4 10. cxd4 Nb6 11. Ne5 Nbd5 12. a3 Qb6 13. g4 Nxe4 14. Bxe4 f6 15. g5 f5 16. Bg2 Rd8 17. Qh5 g6 18. Nxg6 hxg6 19. Qxg6+ Kf8 20. Qh7 Qc7 21. g6 Bf6 22. Bh6+ Ke8 23. Qg8+ Ke7 24. Qf7+ Kd6 25. Bxd5 Qxf7 26. gxf7 Kxd5 27. f8Q Rxf8 28. Bxf8 Bd7 29. Bh6 Rg8+ 30. Kh1 Bc6 31. f3 Bxd4 32. Rad1 Kc5 33. Rd3 e5 34. Rc1+ Kd6 35. h4 Rg3 36. Kh2 Rg6 37. Bg5 Ke6 38. Rc2 Bb6 39. Rcd2 Bc7 40. f4 exf4 41. Kg1 Bb6+ 42. Kh2 Bc7 1/2-1/2

[Event "IRL-chT"]
[Site "Dublin"]
[Date "2022.03.19"]
[Round "7.1"]
[White "Carroll, Peter"]
[Black "Arkell, Keith C"]
[Result "0-1"]
[WhiteElo "2137"]
[BlackElo "2502"]
[PlyCount "146"]
[EventDate "2022.03.16"]
[EventType "tourn"]
[EventRounds "9"]
[EventCountry "IRL"]
[SourceTitle "EXT 2023"]
[Source "ChessBase"]
[SourceDate "2022.10.05"]
[SourceVersion "1"]
[SourceVersionDate "2022.10.05"]
[SourceQuality "1"]

1. e4 c6 2. d4 d5 3. Nc3 g6 4. e5 Bg7 5. f4 h5 6. Nf3 Nh6 7. Bd3 Bf5 8. 0-0 Bxd3 9. Qxd3 e6 10. Nd1 Nf5 11. Ne3 Qb6 12. b3 a5 13. Ba3 Na6 14. Nxf5 gxf5 15. Kh1 Bf8 16. Bxf8 Kxf8 17. c4 Rd8 18. Rfd1 h4 19. Rac1 Ke7 20. Qc3 Qb4 21. Ne1 Qxc3 22. Rxc3 f6 23. Nf3 fxe5 24. Nxe5 Kf6 25. Re3 Nc7 26. Nf3 dxc4 27. bxc4 b5 28. Rc3 bxc4 29. Rxc4 Nd5 30. Rxc6 Nxf4 31. Kg1 Rc8 32. Rxc8 Rxc8 33. Rd2 h3 34. g3 Nd5 35. Kf2 Rc1 36. Ke2 f4 37. gxf4 Kf5 38. Ne5 Nxf4+ 39. Kf3 Rc3+ 40. Kf2 Ke4 41. Ng4 Rc1 42. Nf6+ Kf5 43. Nd7 Rc3 44. Ne5 Ke4 45. Ng4 Nd3+ 46. Ke2 Nb4 47. Nf2+ Kd5 48. Nd1 Ra3 49. Ne3+ Ke4 50. Nc4 Ra4 51. Kf2 Nd5 52. Ne5 Nc3 53. Nc6 Kf4 54. Rc2 Ra3 55. Nd8 Kf5 56. Nc6 a4 57. Nb4 Ke4 58. Rd2 Nd5 59. Re2+ Kf4 60. Na6 Nc3 61. Rc2 Rxa2 62. Rxa2 Nxa2 63. Nc5 a3 64. Nxe6+ Ke4 65. Nc5+ Kxd4 66. Nb3+ Kc3 67. Na1 Kb2 68. Kg3 Kxa1 69. Kxh3 Kb2 70. Kg4 Nc3 71. h4 a2 72. h5 a1Q 73. h6 Qa7 0-1

[Event "IRL-chT"]
[Site "Dublin"]
[Date "2022.03.19"]
[Round "6.1"]
[White "O'Donnell, Conor"]
[Black "Carroll, Peter"]
[Result "1-0"]
[WhiteElo "2311"]
[BlackElo "2137"]
[PlyCount "76"]
[EventDate "2022.03.16"]
[EventType "tourn"]
[EventRounds "9"]
[EventCountry "IRL"]
[SourceTitle "EXT 2023"]
[Source "ChessBase"]
[SourceDate "2022.10.05"]
[SourceVersion "1"]
[SourceVersionDate "2022.10.05"]
[SourceQuality "1"]

1. Nf3 Nf6 2. g3 b6 3. Bg2 Bb7 4. 0-0 e6 5. c4 Be7 6. Nc3 0-0 7. Re1 d5 8. cxd5 exd5 9. d4 Na6 10. Bf4 c5 11. Rc1 Ne4 12. dxc5 Naxc5 13. Be3 Re8 14. Nb5 Ne6 15. Nfd4 Nxd4 16. Bxd4 Nc5 17. Be5 Bg5 18. Bf4 Bxf4 19. gxf4 a6 20. Nd4 Qh4 21. e3 Rad8 22. Nf3 Qf6 23. b4 Ne4 24. Qd4 Qd6 25. Red1 Re6 26. h4 h6 27. Rc2 g5 28. hxg5 hxg5 29. Nxg5 Nxg5 30. fxg5 Qe7 31. Qf4 Re5 32. Rdc1 Rd7 33. Qf6 Qxf6 34. gxf6 d4 35. Bxb7 Rxb7 36. exd4 Rd5 37. Rc3 Rxd4 38. Rg3+ Kh7 1-0

[Event "IRL-chT"]
[Site "Dublin"]
[Date "2022.03.18"]
[Round "4.1"]
[White "Murphy, Conor"]
[Black "Carroll, Peter"]
[Result "1/2-1/2"]
[WhiteElo "2402"]
[BlackElo "2137"]
[PlyCount "71"]
[EventDate "2022.03.16"]
[EventType "tourn"]
[EventRounds "9"]
[EventCountry "IRL"]
[SourceTitle "EXT 2023"]
[Source "ChessBase"]
[SourceDate "2022.10.05"]
[SourceVersion "1"]
[SourceVersionDate "2022.10.05"]
[SourceQuality "1"]

1. e4 c5 2. Nf3 d6 3. Bb5+ Nd7 4. 0-0 Ngf6 5. Re1 g6 6. c3 Bg7 7. d4 0-0 8. e5 Ne8 9. Bg5 dxe5 10. dxc5 Nc7 11. Bxd7 Bxd7 12. Nxe5 Bxe5 13. Rxe5 f6 14. Re2 Bg4 15. Qb3+ Qd5 16. Qxd5+ Nxd5 17. Rd2 Rfd8 18. Be3 Nxe3 19. fxe3 Rac8 20. Rd4 e5 21. Rxg4 Rd1+ 22. Kf2 Rxc5 23. Rb4 b6 24. c4 e4 25. Rb5 Rxb5 26. cxb5 f5 27. h4 Kf7 28. b4 Ke6 29. a4 Ke5 30. g3 h6 31. a5 g5 32. hxg5 hxg5 33. axb6 axb6 34. Ke2 Rg1 35. Kf2 Rd1 36. Ke2 1/2-1/2

[Event "BCF-chT 2122 (4NCL)"]
[Site "England"]
[Date "2022.02.12"]
[Round "3.74"]
[White "Carroll, Peter"]
[Black "Payne, Matthew"]
[Result "1/2-1/2"]
[WhiteElo "2122"]
[BlackElo "2158"]
[PlyCount "70"]
[EventDate "2021.11.27"]
[EventType "team-swiss"]
[EventRounds "11"]
[EventCountry "ENG"]
[SourceTitle "EXT 2023"]
[Source "ChessBase"]
[SourceDate "2022.10.05"]
[SourceVersion "1"]
[SourceVersionDate "2022.10.05"]
[SourceQuality "1"]
[WhiteTeam "Gonzaga"]
[BlackTeam "Sussex Martlets"]
[WhiteTeamCountry "ENG"]
[BlackTeamCountry "ENG"]

1. d4 Nf6 2. c4 g6 3. Nc3 Bg7 4. e4 d6 5. Be2 0-0 6. Be3 e5 7. d5 a5 8. h4 Na6 9. g4 Nc5 10. Bf3 c6 11. g5 Nfd7 12. dxc6 bxc6 13. Qxd6 Qb6 14. Rd1 Re8 15. Nge2 Bf8 16. Qd2 Qb4 17. b3 a4 18. Nxa4 Nxa4 19. bxa4 Qxc4 20. Rc1 Qe6 21. Qc2 Bb4+ 22. Kf1 c5 23. Qb3 Qe7 24. a3 Ba5 25. Qd5 Ba6 26. Bg4 Nb6 27. Qxc5 Nxa4 28. Qxe7 Rxe7 29. Kg2 Rb8 30. Rb1 Rd8 31. Rhc1 Bd3 32. Rb3 Bxe4+ 33. f3 Rb7 34. Rxb7 Bxb7 35. Rc4 Nb6 1/2-1/2